000 00419nam a2200181Ia 4500
008 170705s9999 xx 000 0 und d
020 _a9781409504863
245 _aDino FC :
245 _bthe vanishing goalie /
245 _cKeith Brumpton.
260 _aNew York :
260 _bScholastic,
260 _c2010
300 _a89 pages :
300 _bcolor illustration ;
300 _c20cm.
500 _a760
999 _c336746
_d336746